<?xml version="1.0" encoding="UTF-8"?><?xml-stylesheet type="text/xsl" href="static/style.xsl"?><OAI-PMH xmlns="http://www.openarchives.org/OAI/2.0/" xmlns:xsi="http://www.w3.org/2001/XMLSchema-instance" xsi:schemaLocation="http://www.openarchives.org/OAI/2.0/ http://www.openarchives.org/OAI/2.0/OAI-PMH.xsd"><responseDate>2026-06-04T08:52:58Z</responseDate><request verb="GetRecord" identifier="oai:recam.amb.cat:20.500.14439/4610" metadataPrefix="marc">https://recam.amb.cat/rest/oai/request</request><GetRecord><record><header><identifier>oai:recam.amb.cat:20.500.14439/4610</identifier><datestamp>2025-10-08T06:41:53Z</datestamp><setSpec>com_20.500.14439_2794</setSpec><setSpec>com_20.500.14439_113</setSpec><setSpec>col_20.500.14439_4607</setSpec></header><metadata><record xmlns="http://www.loc.gov/MARC21/slim" xmlns:dcterms="http://purl.org/dc/terms/" xmlns:xsi="http://www.w3.org/2001/XMLSchema-instance" xmlns:doc="http://www.lyncode.com/xoai" xsi:schemaLocation="http://www.loc.gov/MARC21/slim http://www.loc.gov/standards/marcxml/schema/MARC21slim.xsd">
   <leader>00925njm 22002777a 4500</leader>
   <datafield ind2=" " ind1=" " tag="042">
      <subfield code="a">dc</subfield>
   </datafield>
   <datafield ind2=" " ind1=" " tag="720">
      <subfield code="a">Àrea Metropolitana de Barcelona</subfield>
      <subfield code="e">author</subfield>
   </datafield>
   <datafield ind2=" " ind1=" " tag="260">
      <subfield code="c">2017-11-01</subfield>
   </datafield>
   <datafield ind2=" " ind1=" " tag="520">
      <subfield code="a">La presidenta de l'Àrea Metropolitana de Barcelona, Ada Colau, introdueix aquest primer número de la revistaLux Barcelona, que també inclou una reflexió de Gemma Calvet sobre el valor i els reptes de la transparència aplicada, cap a una democràcia de l'autenticitat. Els serveis públics d'interès general o universal formen els pilars d'aquest número, i són abordats tant des de la perspectiva de la transparència, com del bon govern. D'una banda, Isabel Baixeras desgrana les obligacions de transparència de les em­preses prestadores de serveis públics i de les entitats que reben fons públics i, de l'altra, Stefan Rating i Yolanda Martínez analitzen, des de l'òptica del dret de la competència, les possibilitats de remunicipalització dels serveis d'interès general. Lux Barcelona també inclou quatre mirades que sota l'epígraf "Fars" conviden a la reflexió des d'un punt de vista humanístic. En aquest volum la llum dels fars l'apor­ten Natza Farré,Carles Casajuana, Llucia Ramis i Salvador Cardús. Així mateix, la revista s'enriqueix amb una sèrie de fotografies sobre la realitat i les polítiques me­tropolitanes del reputat fotògraf Kim Manresa i les il·lustracions de l'opinador gràfic Jordi Duró.</subfield>
   </datafield>
   <datafield ind1="8" ind2=" " tag="024">
      <subfield code="a">https://hdl.handle.net/20.500.14439/4610</subfield>
   </datafield>
   <datafield ind1="8" ind2=" " tag="024">
      <subfield code="a">2604-0956</subfield>
   </datafield>
   <datafield tag="653" ind2=" " ind1=" ">
      <subfield code="a">Transparència política</subfield>
   </datafield>
   <datafield tag="653" ind2=" " ind1=" ">
      <subfield code="a">Ètica</subfield>
   </datafield>
   <datafield tag="653" ind2=" " ind1=" ">
      <subfield code="a">Dret</subfield>
   </datafield>
   <datafield ind2="0" ind1="0" tag="245">
      <subfield code="a">Lux Barcelona, 1 [versió en anglès]</subfield>
   </datafield>
</record></metadata></record></GetRecord></OAI-PMH>